[Event "Zadar op-A 25th"]
[Site "Zadar"]
[Date "2018.12.22"]
[Round "9"]
[White "Sinanovic, Muhamed"]
[Black "Pallitsch, Clemens"]
[Result "1/2-1/2"]
[WhiteElo "2325"]
[BlackElo "2176"]
[PlyCount "22"]
[EventDate "2018.12.15"]
[EventType "swiss"]
[EventRounds "9"]
[EventCountry "CRO"]
[SourceTitle "CBM 187 Extra"]
[Source "ChessBase"]
[SourceDate "2018.11.04"]
[SourceVersion "1"]
[SourceVersionDate "2018.11.04"]
[SourceQuality "1"]

1. c4 Nf6 2. g3 c5 3. Bg2 e6 4. Nf3 Be7 5. 0-0 0-0 6. d4 cxd4 7. Nxd4 d6 8. Nc3 a6 9. b3 Qc7 10. Bb2 Nc6 11. Rc1 Bd7 1/2-1/2

[Event "Styrian op-A"]
[Site "Bad Gleichenberg"]
[Date "2013.07.12"]
[Round "7"]
[White "Mesaros, Florian"]
[Black "Pallitsch, Clemens"]
[Result "1-0"]
[WhiteElo "2166"]
[BlackElo "2152"]
[PlyCount "101"]
[EventDate "2013.07.06"]
[EventType "swiss"]
[EventRounds "9"]
[EventCountry "AUT"]
[SourceTitle "CBM 155 Extra"]
[Source "ChessBase"]
[SourceDate "2013.08.26"]
[SourceVersion "1"]
[SourceVersionDate "2013.08.26"]
[SourceQuality "1"]

1. Nf3 d5 2. c4 d4 3. b4 c5 4. bxc5 Nc6 5. e3 e5 6. exd4 exd4 7. d3 Bxc5 8. g3 Nf6 9. Bg2 Qe7+ 10. Qe2 Qxe2+ 11. Kxe2 0-0 12. Ba3 Re8+ 13. Kd2 Bb6 14. Rf1 Bf5 15. Kc2 Re2+ 16. Nbd2 Ng4 17. Nh4 Ba5 18. Rad1 Nxf2 19. Rxf2 Rxf2 20. Bxc6 bxc6 21. Nxf5 Rxf5 22. Ne4 h6 23. Rb1 Bb6 24. c5 Ba5 25. Rb7 Rf1 26. Bb2 f5 27. Nd6 Rf2+ 28. Kb3 Bc3 29. Bxc3 dxc3 30. Kxc3 g5 31. Rc7 f4 32. Ne4 fxg3 33. hxg3 Rf7 34. Rxc6 Kh7 35. Re6 Rg7 36. d4 h5 37. Nf6+ Kh8 38. Nxh5 Rh7 39. Nf6 Rh6 40. Re8+ Rxe8 41. Nxe8 Rh3 42. c6 Rxg3+ 43. Kb4 a5+ 44. Kb5 Rc3 45. Nf6 Kg7 46. Ne4 Rc2 47. Nc5 Rb2+ 48. Ka6 Re2 49. c7 Re8 50. d5 g4 51. Ne6+ 1-0

[Event "Styrian op-A"]
[Site "Bad Gleichenberg"]
[Date "2013.07.11"]
[Round "6"]
[White "Pallitsch, Clemens"]
[Black "Gutmann, Alois"]
[Result "1/2-1/2"]
[WhiteElo "2152"]
[BlackElo "2065"]
[PlyCount "100"]
[EventDate "2013.07.06"]
[EventType "swiss"]
[EventRounds "9"]
[EventCountry "AUT"]
[SourceTitle "CBM 155 Extra"]
[Source "ChessBase"]
[SourceDate "2013.08.26"]
[SourceVersion "1"]
[SourceVersionDate "2013.08.26"]
[SourceQuality "1"]

1. d4 e6 2. g3 c5 3. Nf3 b5 4. Bg2 Bb7 5. 0-0 Qb6 6. c3 d6 7. Nbd2 Nf6 8. Re1 Nc6 9. Nf1 Be7 10. e4 Rd8 11. d5 Ne5 12. Bf4 0-0 13. dxe6 Nxf3+ 14. Bxf3 fxe6 15. Qe2 e5 16. Bg5 Rf7 17. Bxf6 Bxf6 18. Ne3 g6 19. Rad1 Bg5 20. Bg4 Bxe4 21. Be6 Qc6 22. Nd5 Bf5 23. Bxf7+ Kxf7 24. h4 Bh6 25. Qf3 Qe8 26. Nc7 Qe7 27. Nxb5 e4 28. Qe2 d5 29. Na3 Qe6 30. Qb5 e3 31. fxe3 Bxe3+ 32. Kh2 Kg7 33. Rf1 Rd7 34. Rde1 Re7 35. b4 c4 36. Rd1 Be4 37. Qb8 Re8 38. Qb5 a6 39. Qa4 Re7 40. Nc2 Qg4 41. Rde1 Bf5 42. Rxe3 Rxe3 43. Nxe3 Qe2+ 44. Kg1 Qxe3+ 45. Kh2 Qe2+ 46. Kg1 Bh3 47. Rf2 Qe1+ 48. Kh2 Qxf2+ 49. Kxh3 Qf1+ 50. Kh2 Qf2+ 1/2-1/2

[Event "Styrian op-A"]
[Site "Bad Gleichenberg"]
[Date "2013.07.10"]
[Round "5"]
[White "Enne, Harald"]
[Black "Pallitsch, Clemens"]
[Result "0-1"]
[WhiteElo "2007"]
[BlackElo "2152"]
[PlyCount "76"]
[EventDate "2013.07.06"]
[EventType "swiss"]
[EventRounds "9"]
[EventCountry "AUT"]
[SourceTitle "CBM 155 Extra"]
[Source "ChessBase"]
[SourceDate "2013.08.26"]
[SourceVersion "1"]
[SourceVersionDate "2013.08.26"]
[SourceQuality "1"]

1. d4 d5 2. c4 c6 3. Nc3 Nf6 4. Nf3 a6 5. c5 Bg4 6. Ne5 Bf5 7. Qb3 Ra7 8. Bf4 Nbd7 9. h3 Nxe5 10. Bxe5 Nd7 11. g4 Bg6 12. Bg3 e5 13. e3 Be7 14. 0-0-0 e4 15. h4 h6 16. Ne2 0-0 17. Nf4 b6 18. cxb6 Nxb6 19. Rd2 a5 20. a3 a4 21. Qa2 Qa8 22. Rh2 Ra5 23. Rc2 Qb7 24. Nxg6 fxg6 25. f4 exf3 26. e4 Kh8 27. e5 c5 28. dxc5 Rxc5 29. Bd3 Qc6 30. Qb1 Nc4 31. Bf2 Nxe5 32. Rxc5 Bxc5 33. Kd2 Nxg4 34. Bxc5 Qxc5 35. Rh3 Qe3+ 36. Kc3 Rc8+ 37. Kb4 Qb6+ 38. Bb5 Rc4# 0-1

[Event "Styrian op-A"]
[Site "Bad Gleichenberg"]
[Date "2013.07.08"]
[Round "3"]
[White "Moser, Eva"]
[Black "Pallitsch, Clemens"]
[Result "1-0"]
[WhiteElo "2446"]
[BlackElo "2152"]
[PlyCount "63"]
[EventDate "2013.07.06"]
[EventType "swiss"]
[EventRounds "9"]
[EventCountry "AUT"]
[SourceTitle "CBM 155 Extra"]
[Source "ChessBase"]
[SourceDate "2013.08.26"]
[SourceVersion "1"]
[SourceVersionDate "2013.08.26"]
[SourceQuality "1"]

1. e4 c5 2. d3 Nc6 3. g3 g6 4. Bg2 Bg7 5. f4 e6 6. Nf3 Nge7 7. c3 d5 8. e5 b6 9. 0-0 0-0 10. Re1 a5 11. Be3 Ba6 12. Bf2 Rb8 13. a4 Qc7 14. Na3 Na7 15. c4 Nac6 16. Nb5 Bxb5 17. cxb5 Nb4 18. Qe2 Rbc8 19. Rac1 Na2 20. Ra1 Nb4 21. Rac1 Na2 22. Rcd1 Rfd8 23. g4 Bh6 24. Bh4 Bxf4 25. Qf2 Bh6 26. Bf6 Bf8 27. Ng5 h6 28. Re3 hxg5 29. Rh3 Bg7 30. Bxg7 Kxg7 31. Qf6+ Kf8 32. Rh7 1-0

[Event "Vienna Husek op-A"]
[Site "Vienna"]
[Date "2012.08.14"]
[Round "2"]
[White "Stanka, Wolfgang"]
[Black "Pallitsch, Clemens"]
[Result "0-1"]
[WhiteElo "2017"]
[BlackElo "2118"]
[PlyCount "34"]
[EventDate "2012.08.13"]
[EventType "swiss"]
[EventRounds "7"]
[EventCountry "AUT"]
[SourceTitle "EXT 2014"]
[Source "ChessBase"]
[SourceDate "2013.11.20"]
[SourceVersion "1"]
[SourceVersionDate "2013.11.20"]
[SourceQuality "1"]

1. e4 c5 2. Nf3 a6 3. d4 cxd4 4. Nxd4 e5 5. Nf3 Nf6 6. Nc3 Bb4 7. Bd3 d5 8. Qe2 d4 9. a3 Qa5 10. 0-0 dxc3 11. axb4 Qxa1 12. b3 Nbd7 13. Bf4 Qa3 14. Nxe5 Nxe5 15. Bxe5 Qxb4 16. Bxf6 gxf6 17. Qf3 Qe7 0-1

[Event "Oberwart op-A 34th"]
[Site "Oberwart"]
[Date "2012.07.07"]
[Round "1"]
[White "Pallitsch, Clemens"]
[Black "Zelcic, Robert"]
[Result "0-1"]
[WhiteElo "2109"]
[BlackElo "2554"]
[PlyCount "82"]
[EventDate "2012.07.07"]
[EventType "swiss"]
[EventRounds "9"]
[EventCountry "AUT"]
[SourceTitle "CBM 149 Extra"]
[Source "ChessBase"]
[SourceDate "2012.08.24"]
[SourceVersion "1"]
[SourceVersionDate "2012.08.24"]
[SourceQuality "1"]

1. d4 Nf6 2. c4 e6 3. Nf3 c5 4. g3 cxd4 5. Nxd4 Bb4+ 6. Bd2 Qb6 7. e3 Nc6 8. Bxb4 Qxb4+ 9. Qd2 Qc5 10. Nb3 Qf5 11. Bg2 Ne5 12. Nd4 Qd3 13. f4 Qxd2+ 14. Nxd2 Nd3+ 15. Ke2 Nxb2 16. a4 d5 17. Rhb1 Nxc4 18. Nxc4 dxc4 19. Nb5 Kd7 20. Rb4 Rd8 21. Rd1+ Ke7 22. Rxd8 Kxd8 23. Rxc4 Ne8 24. Rd4+ Ke7 25. Rc4 a6 26. Nd4 Nd6 27. Rb4 a5 28. Rb3 Ra7 29. e4 Bd7 30. e5 Nf5 31. Nxf5+ exf5 32. Rxb7 Rxb7 33. Bxb7 Bxa4 34. Kd3 Bb3 35. Kc3 Be6 36. Bc6 Bd7 37. Bd5 f6 38. Kd4 fxe5+ 39. Kxe5 a4 40. Kd4 a3 41. Kc3 Be6 0-1

[Event "Oberwart op"]
[Site "Oberwart"]
[Date "2010.07.15"]
[Round "6"]
[White "Stanetzek, Carsten"]
[Black "Pallitsch, Clemens"]
[Result "1/2-1/2"]
[WhiteElo "2248"]
[BlackElo "2051"]
[PlyCount "88"]
[EventDate "2010.07.10"]
[EventType "swiss"]
[EventRounds "9"]
[EventCountry "AUT"]
[SourceTitle "CBM 137 Extra"]
[Source "ChessBase"]
[SourceDate "2010.09.01"]
[SourceVersion "1"]
[SourceVersionDate "2010.09.01"]
[SourceQuality "1"]

1. e4 c5 2. Nf3 d6 3. Nc3 Nf6 4. e5 dxe5 5. Nxe5 e6 6. Bb5+ Bd7 7. Nxd7 Nbxd7 8. 0-0 a6 9. Be2 Be7 10. Re1 0-0 11. Bf3 Qc7 12. Qe2 Rad8 13. d3 b5 14. g3 Rfe8 15. Bg2 Nf8 16. a4 b4 17. Ne4 Nxe4 18. Qxe4 Bf6 19. a5 Rb8 20. Qc4 Rb5 21. Bf4 Qc8 22. c3 bxc3 23. bxc3 Bd8 24. Reb1 Rxb1+ 25. Rxb1 e5 26. Be3 Bxa5 27. Bb7 Qc7 28. Bxa6 Bb6 29. Qe4 Rb8 30. Bc4 Ba5 31. Rxb8 Qxb8 32. Qd5 Ne6 33. Qd7 Bxc3 34. Bxe6 fxe6 35. Qxe6+ Kh8 36. Bxc5 h6 37. Qd5 Qb2 38. Kg2 Kh7 39. h4 Qe2 40. Be3 Qg4 41. Qf7 Qg6 42. Qd7 Bd4 43. h5 Qxd3 44. Qg4 Bxe3 1/2-1/2

[Event "Oberwart op"]
[Site "Oberwart"]
[Date "2010.07.10"]
[Round "1"]
[White "Pallitsch, Clemens"]
[Black "Fauland, Alexander"]
[Result "0-1"]
[WhiteElo "2051"]
[BlackElo "2406"]
[PlyCount "58"]
[EventDate "2010.07.10"]
[EventType "swiss"]
[EventRounds "9"]
[EventCountry "AUT"]
[SourceTitle "CBM 137 Extra"]
[Source "ChessBase"]
[SourceDate "2010.09.01"]
[SourceVersion "1"]
[SourceVersionDate "2010.09.01"]
[SourceQuality "1"]

1. d4 Nf6 2. c4 e6 3. Nf3 Bb4+ 4. Bd2 Bxd2+ 5. Nbxd2 d5 6. g3 0-0 7. Bg2 b6 8. 0-0 Qd6 9. Qc2 Nbd7 10. e4 dxe4 11. Nxe4 Nxe4 12. Qxe4 Rb8 13. Ng5 Nf6 14. Qe3 Rd8 15. Rfd1 c5 16. Qe5 cxd4 17. Qxd6 Rxd6 18. Nf3 d3 19. Ne5 d2 20. Nc6 Rb7 21. Ne5 Rc7 22. Kf1 Ba6 23. b3 b5 24. Ke2 bxc4 25. Nxc4 Rxc4 26. bxc4 Bxc4+ 27. Ke3 Ng4+ 28. Kf4 Be2 29. Rab1 e5+ 0-1

[Event "Graz op-A"]
[Site "Graz"]
[Date "2008.09.06"]
[Round "8"]
[White "Pallitsch, Clemens"]
[Black "Aschenbrenner, Robert"]
[Result "1/2-1/2"]
[WhiteElo "2011"]
[BlackElo "2278"]
[PlyCount "61"]
[EventDate "2008.08.30"]
[EventType "swiss"]
[EventRounds "9"]
[EventCountry "AUT"]
[SourceTitle "CBM 126 Extra"]
[Source "ChessBase"]
[SourceDate "2008.11.05"]
[SourceVersion "1"]
[SourceVersionDate "2008.11.05"]
[SourceQuality "1"]

1. d4 Nf6 2. c4 g6 3. Nc3 Bg7 4. Nf3 d6 5. e4 Bg4 6. Be2 Bxf3 7. Bxf3 Nfd7 8. 0-0 a6 9. Be3 c5 10. d5 b5 11. Rb1 Ne5 12. Be2 Nxc4 13. Bxc4 bxc4 14. Qa4+ Nd7 15. f4 0-0 16. Qxc4 Qa5 17. Na4 Rab8 18. a3 Nf6 19. Rfd1 Ng4 20. Bf2 Qb5 21. b3 Rb7 22. Qc2 Nxf2 23. Kxf2 Bd4+ 24. Kg3 e5 25. b4 exf4+ 26. Kf3 Qe8 27. bxc5 Rxb1 28. Rxb1 f5 29. c6 g5 30. exf5 h5 31. Qe4 1/2-1/2

[Event "Graz op-A"]
[Site "Graz"]
[Date "2008.09.02"]
[Round "4"]
[White "Pallitsch, Clemens"]
[Black "Frosch, Ronald"]
[Result "1/2-1/2"]
[WhiteElo "2011"]
[BlackElo "2220"]
[PlyCount "45"]
[EventDate "2008.08.30"]
[EventType "swiss"]
[EventRounds "9"]
[EventCountry "AUT"]
[SourceTitle "CBM 126 Extra"]
[Source "ChessBase"]
[SourceDate "2008.11.05"]
[SourceVersion "1"]
[SourceVersionDate "2008.11.05"]
[SourceQuality "1"]

1. d4 d5 2. c4 e6 3. Nc3 Nf6 4. Nf3 Be7 5. e3 0-0 6. Bd3 dxc4 7. Bxc4 c5 8. 0-0 Nbd7 9. b3 b6 10. Bb2 Bb7 11. Qe2 Rc8 12. Rfd1 Qc7 13. d5 exd5 14. Nxd5 Nxd5 15. Bxd5 Bf6 16. Bxb7 Qxb7 17. Rd6 Rc6 18. Rd3 Bxb2 19. Qxb2 Rg6 20. Ne1 Nf6 21. Rad1 h5 22. Qe5 Qc8 23. Qe7 1/2-1/2

[Event "AUT-chT2O 0607"]
[Site "Austria"]
[Date "2006.11.05"]
[Round "5.4"]
[White "Pichler, Michael"]
[Black "Pallitsch, Clemens"]
[Result "1/2-1/2"]
[WhiteElo "2192"]
[BlackElo "1983"]
[PlyCount "28"]
[EventDate "2006.10.06"]
[EventType "team-tourn"]
[EventRounds "11"]
[EventCountry "AUT"]
[SourceTitle "EXT 2007"]
[Source "ChessBase"]
[SourceDate "2006.11.23"]
[SourceVersion "1"]
[SourceVersionDate "2006.11.23"]
[SourceQuality "1"]
[WhiteTeam "Eichgraben/Pressbaum"]
[BlackTeam "Wulkaprodersdorf"]
[WhiteTeamCountry "AUT"]
[BlackTeamCountry "AUT"]

1. e4 c6 2. d4 d5 3. e5 Bf5 4. Nc3 e6 5. g4 Bg6 6. Nge2 c5 7. Be3 Nd7 8. h4 h6 9. f4 h5 10. f5 exf5 11. g5 Ne7 12. Nf4 cxd4 13. Qxd4 Nc6 14. Qxd5 Ndxe5 1/2-1/2

[Event "Vienna op-B 14th"]
[Site "Vienna"]
[Date "2003.08.22"]
[Round "7"]
[White "Pallitsch, Clemens"]
[Black "Scherr, Johann"]
[Result "1/2-1/2"]
[WhiteElo "1754"]
[BlackElo "1843"]
[PlyCount "49"]
[EventDate "2003.08.16"]
[EventType "swiss"]
[EventRounds "9"]
[EventCountry "AUT"]
[SourceTitle "CBM 095 Extra"]
[Source "ChessBase"]
[SourceDate "2003.09.04"]
[SourceVersion "1"]
[SourceVersionDate "2003.09.04"]
[SourceQuality "1"]

1. d4 e6 2. Nf3 Nf6 3. Bf4 c5 4. e3 Nc6 5. c3 cxd4 6. exd4 Be7 7. Bd3 h6 8. 0-0 d6 9. Re1 Bd7 10. Nbd2 g5 11. Be3 g4 12. d5 Nxd5 13. Nd4 Ne5 14. Be4 Nxe3 15. Rxe3 f5 16. Bxb7 Rb8 17. Ba6 Bg5 18. Re1 Rxb2 19. N2b3 Qc7 20. Bf1 a5 21. Bb5 a4 22. Nxe6 Qb6 23. Bxd7+ Kxd7 24. Nbd4 Ra8 25. Nxg5 1/2-1/2

[Event "Vienna op-B 14th"]
[Site "Vienna"]
[Date "2003.08.20"]
[Round "5"]
[White "Pallitsch, Clemens"]
[Black "Blocher, Edgar"]
[Result "0-1"]
[WhiteElo "1754"]
[BlackElo "1861"]
[PlyCount "56"]
[EventDate "2003.08.16"]
[EventType "swiss"]
[EventRounds "9"]
[EventCountry "AUT"]
[SourceTitle "CBM 095 Extra"]
[Source "ChessBase"]
[SourceDate "2003.09.04"]
[SourceVersion "1"]
[SourceVersionDate "2003.09.04"]
[SourceQuality "1"]

1. d4 d5 2. c4 Bf5 3. Nf3 c6 4. e3 e6 5. Nc3 Nf6 6. Be2 Bd6 7. 0-0 0-0 8. b3 Nbd7 9. Bb2 Ne4 10. Nxe4 Bxe4 11. Nd2 Qg5 12. Nxe4 dxe4 13. Qd2 f5 14. f4 exf3 15. Bxf3 Rf6 16. g3 Rg6 17. Bg2 h5 18. Qf2 Nf6 19. Bc1 Ne4 20. Bxe4 fxe4 21. c5 Rf8 22. Qe1 Rxf1+ 23. Kxf1 Bxc5 24. dxc5 Qf6+ 25. Kg2 Qxa1 26. Qd2 Qf6 27. Bb2 Qf3+ 28. Kg1 Kh7 0-1

[Event "Vienna op-B 14th"]
[Site "Vienna"]
[Date "2003.08.18"]
[Round "3"]
[White "Pallitsch, Clemens"]
[Black "Lechner, Josef"]
[Result "1/2-1/2"]
[WhiteElo "1754"]
[BlackElo "1936"]
[PlyCount "34"]
[EventDate "2003.08.16"]
[EventType "swiss"]
[EventRounds "9"]
[EventCountry "AUT"]
[SourceTitle "CBM 095 Extra"]
[Source "ChessBase"]
[SourceDate "2003.09.04"]
[SourceVersion "1"]
[SourceVersionDate "2003.09.04"]
[SourceQuality "1"]

1. d4 Nf6 2. c4 e6 3. Nc3 Bb4 4. Nf3 0-0 5. e3 c5 6. Qc2 Nc6 7. dxc5 Bxc5 8. Be2 Nb4 9. Qd1 a5 10. 0-0 d5 11. b3 Re8 12. Bb2 b6 13. Na4 Bb7 14. Nxc5 bxc5 15. a3 Na6 16. Rc1 Rc8 17. Qc2 Nb8 1/2-1/2